Backward stochastic differential equations
Αποθηκεύτηκε σε:
| Άλλοι συγγραφείς: | , |
|---|---|
| Μορφή: | Βιβλίο |
| Γλώσσα: | English |
| Δημοσίευση: |
Harlow :
Longman,
1997
|
| Σειρά: | Pitman research notes in mathematics series ;
; 364 |
| Θέματα: | |
| Ετικέτες: |
Προσθήκη ετικέτας
Δεν υπάρχουν, Καταχωρήστε ετικέτα πρώτοι!
|
MARC
| LEADER | 00000nam a2200000 i 4500 | ||
|---|---|---|---|
| 001 | 1/78305 | ||
| 008 | 990423s1997 eng d | ||
| 020 | |a 0-582-30733-3 | ||
| 035 | |l 10050119 | ||
| 040 | |a GR-MY-UA |b gre |e aacr | ||
| 041 | 0 | |a eng | |
| 082 | 0 | |a 519.23 | |
| 245 | 1 | 0 | |a Backward stochastic differential equations / |c Nicole El Karoui and Laurent Mazliak (editors) |
| 260 | |a Harlow : |b Longman, |c 1997 | ||
| 300 | |a 221 p.; |c 25 cm. | ||
| 490 | 1 | |a Pitman research notes in mathematics series |v ; 364 | |
| 500 | |a Includes bibliographies | ||
| 650 | 0 | 0 | |a Stochastic differential equations. |
| 700 | 1 | |a El Karoui, Nicole. |4 edt | |
| 700 | 1 | |a Mazliak, Laurent. |4 edt | |
| 830 | 0 | |a Pitman research notes in mathematics series ; |v ; 364 | |
| 852 | |a INST |b SAMOS |e 19990423 |h 519.23 BAC |p 005300014958 |q 005300044620 |t BK |y 0 | ||
| 901 | |a BIBL-1999-1 | ||
| 909 | |a Σ |b 065302 | ||
| 922 | |a 3ΕΛΗ |b 199903 |c ΚΠΣ |d GLORY | ||
| 950 | |a 116-1998-08-10 | ||